Southville International School and Colleges
Your cart is empty.
  • Cart
  • Lists
    Public lists Eva Luna New books Lux_list list_1
    Your lists Log in to create your own lists
  • Log in to your account
  • Your cookies
  • Search history
Southville International School and Colleges
  • Advanced search
  • Recent comments
  • Most popular
  • Libraries

Log in to your account

Log in with GOOGLE


If you do not have an external account, but do have a local account, you can still log in:

  1. Home
  2. MARC view: Mga kasabihan at salawikaing Pilipino /
Normal view MARC view ISBD view

Mga kasabihan at salawikaing Pilipino / (Record no. 3233)

[ view plain ]
MARC details
000 -LEADER
fixed length control field 00506nam a22001817a 4500
003 - CONTROL NUMBER IDENTIFIER
control field OSt
005 - DATE AND TIME OF LATEST TRANSACTION
control field 20140310181751.0
008 - FIXED-LENGTH DATA ELEMENTS--GENERAL INFORMATION
fixed length control field 130130t xxu||||| |||| 00| 0 eng d
020 ## - INTERNATIONAL STANDARD BOOK NUMBER
International Standard Book Number 9718591095
050 ## - LIBRARY OF CONGRESS CALL NUMBER
Classification number PN 6222
Item number .D278 1993
082 ## - DEWEY DECIMAL CLASSIFICATION NUMBER
Classification number FIL 398.999211
Item number D365 1993
100 ## - MAIN ENTRY--PERSONAL NAME
Personal name De Guzman, R.R.
245 ## - TITLE STATEMENT
Title Mga kasabihan at salawikaing Pilipino /
Statement of responsibility, etc R.R. De Guzman.
260 ## - PUBLICATION, DISTRIBUTION, ETC. (IMPRINT)
Place of publication, distribution, etc Manila :
Name of publisher, distributor, etc Arar Books Marketing,
Date of publication, distribution, etc 1993.
300 ## - PHYSICAL DESCRIPTION
Extent 45 p. :
Dimensions 21.5 cm.
Other physical details ill. ;
942 ## - ADDED ENTRY ELEMENTS (KOHA)
Source of classification or shelving scheme Library of Congress Classification
Koha item type Books
Holdings
Withdrawn status Lost status Source of classification or shelving scheme Damaged status Home library Current library Shelving location Date acquired Total Checkouts Full call number Barcode Date last seen Date checked out Copy number Price effective from Koha item type Public note
    Library of Congress Classification   Luxembourg Library Luxembourg Library Filipiniana Section 06/27/2013 1 PN 6222 .D278 1993 4693 12/05/2024 12/04/2024 1 06/27/2013 Books jsc ok

Mga kasabihan at salawikaing Pilipino /

APA

De Guzman R., . (1993). Mga kasabihan at salawikaing Pilipino. Manila: Arar Books Marketing.

Chicago

De Guzman R.R, . 1993. Mga kasabihan at salawikaing Pilipino. Manila: Arar Books Marketing.

Harvard

De Guzman R., . (1993). Mga kasabihan at salawikaing Pilipino. Manila: Arar Books Marketing.

MLA

De Guzman R.R, . Mga kasabihan at salawikaing Pilipino. Manila: Arar Books Marketing. 1993.

  • Place hold
  • Print
  • Cite
  • Add to your cart (remove)
  • Save record
    BIBTEX Dublin Core MARCXML MARC (non-Unicode/MARC-8) MARC (Unicode/UTF-8) MARC (Unicode/UTF-8, Standard) MODS (XML) RIS
  • More searches
    Search for this title in:
    Other Libraries (WorldCat) Other Databases (Google Scholar) Online Stores (Bookfinder.com) Open Library (openlibrary.org)

Exporting to Dublin Core...

SOUTHVILLE LIBRARY

Southville International School and Colleges Library

1281 Tropical Ave. Cor. Luxembourg St., BF Homes International, Las Pinas City

Tel. No. 8256374 / 252358 Loc. 117/146

Powered by Koha